[Event "Titled Tuesday intern op 03rd Sep Late"]
[Site "Chess.com INT"]
[Date "2024.09.03"]
[Round "9"]
[White "Kanter, Eduard"]
[Black "Mendes, Aaron Reeve"]
[Result "0-1"]
[WhiteElo "2309"]
[BlackElo "2320"]
[PlyCount "74"]
[GameId "2107989759898807"]
[EventDate "2024.09.03"]
[EventType "swiss (blitz)"]
[EventRounds "11"]
[EventCountry "USA"]
[SourceTitle "EXT 2025"]
[Source "ChessBase"]
[SourceDate "2024.10.14"]
[SourceVersion "1"]
[SourceVersionDate "2024.10.14"]
[SourceQuality "1"]

1. e4 c5 2. Nf3 d6 3. d4 cxd4 4. Nxd4 Nf6 5. Nc3 a6 6. h3 e5 7. Nde2 Be6 8. g4 h6 9. Bg2 Be7 10. O-O Nc6 11. Nd5 O-O 12. Be3 Nd7 13. Ng3 Rc8 14. Nf5 Bxf5 15. exf5 Bg5 16. c3 Bxe3 17. Nxe3 Nf6 18. Qd3 Qd7 19. Rad1 Rfd8 20. f4 exf4 21. Rxf4 Qe7 22. h4 d5 23. Nxd5 Nxd5 24. Bxd5 Qxh4 25. c4 Ne5 26. Qe3 Nxc4 27. Rxc4 Rxc4 28. Bxf7+ Kh7 29. Rxd8 Rxg4+ 30. Kf1 Qxd8 31. Bg6+ Kh8 32. Qe6 Rd4 33. Ke2 Rd6 34. Qe5 Rd7 35. Kf3 Re7 36. Qc5 Qd3+ 37. Kf4 Re4# 0-1

[Event "Titled Tuesday intern op 03rd Sep Late"]
[Site "Chess.com INT"]
[Date "2024.09.03"]
[Round "10"]
[White "Mendes, Aaron Reeve"]
[Black "Ibarra Jerez, Jose Carlos"]
[Result "0-1"]
[WhiteElo "2320"]
[BlackElo "2559"]
[PlyCount "112"]
[GameId "2107989759903070"]
[EventDate "2024.09.03"]
[EventType "swiss (blitz)"]
[EventRounds "11"]
[EventCountry "USA"]
[SourceTitle "EXT 2025"]
[Source "ChessBase"]
[SourceDate "2024.10.14"]
[SourceVersion "1"]
[SourceVersionDate "2024.10.14"]
[SourceQuality "1"]

1. Nf3 c5 2. e3 d5 3. b3 f6 4. d4 cxd4 5. exd4 Nc6 6. Bb2 Bg4 7. Be2 e6 8. O-O Bd6 9. h3 Bh5 10. Nh4 Bf7 11. c4 Nge7 12. Nc3 dxc4 13. bxc4 Nxd4 14. Ne4 Nec6 15. Kh1 e5 16. c5 Be7 17. Bxd4 Nxd4 18. Nf3 O-O 19. Rb1 Bxa2 20. Rxb7 Bd5 21. Nxd4 exd4 22. Rb4 Bxe4 23. Rxd4 Qc7 24. Rxe4 Bxc5 25. Qd5+ Kh8 26. Rc4 Qe7 27. Bf3 Bb6 28. Qxa8 Rxa8 29. Bxa8 g6 30. Bf3 Bxf2 31. Rc2 Bb6 32. Re2 Qd6 33. Rc2 Bc7 34. Kg1 Qh2+ 35. Kf2 Bb6+ 36. Ke2 Qe5+ 37. Kd2 Ba5+ 38. Kd1 Qd4+ 39. Ke2 Qe5+ 40. Kd1 Bb6 41. Re1 Qd4+ 42. Ke2 Kg7 43. Rd2 Qe3+ 44. Kd1 Qb3+ 45. Rc2 Be3 46. Be4 f5 47. Rxe3 Qxe3 48. Rc7+ Kf6 49. Rc6+ Ke5 50. Bf3 Kf4 51. Kc2 Kg3 52. Rc7 h5 53. Rg7 Qc5+ 54. Kb3 Qb5+ 55. Ka3 Qd3+ 56. Ka4 Qd4+ 0-1

[Event "Titled Tuesday intern op 10th Sep Late"]
[Site "Chess,com INT"]
[Date "2024.09.10"]
[Round "7"]
[White "Ozalp, Burak"]
[Black "Mendes, Aaron Reeve"]
[Result "0-1"]
[WhiteElo "2059"]
[BlackElo "2320"]
[PlyCount "98"]
[GameId "2107989760191995"]
[EventDate "2024.09.10"]
[EventType "swiss (blitz)"]
[EventRounds "11"]
[EventCountry "USA"]
[SourceTitle "EXT 2025"]
[Source "ChessBase"]
[SourceDate "2024.10.14"]
[SourceVersion "1"]
[SourceVersionDate "2024.10.14"]
[SourceQuality "1"]

1. e4 c5 2. Nf3 d6 3. c3 Nf6 4. Be2 a6 5. O-O g6 6. Re1 Bg7 7. Bf1 O-O 8. d4 cxd4 9. cxd4 b5 10. h3 Bb7 11. Qd3 Nbd7 12. Bg5 h6 13. Bh4 g5 14. Bg3 d5 15. e5 Ne4 16. Nc3 Nxg3 17. fxg3 e6 18. a4 b4 19. Nd1 a5 20. Ne3 Ba6 21. Qd2 Bxf1 22. Rxf1 Qe7 23. Rac1 Rac8 24. Ng4 h5 25. Ne3 Bh6 26. g4 h4 27. Rxc8 Rxc8 28. Rc1 Rxc1+ 29. Qxc1 Nb6 30. Qc6 Qd8 31. Qd6 Qxd6 32. exd6 f6 33. b3 Kf8 34. Ne1 Ke8 35. Nd3 Kd7 36. Nc5+ Kxd6 37. Nb7+ Kc7 38. Nxa5 Bf8 39. Kf1 Nc8 40. Ke2 Kb6 41. Nac4+ dxc4 42. Nxc4+ Kc6 43. Kd3 Nb6 44. Na5+ Kc7 45. Nc4 Nxc4 46. bxc4 e5 47. d5 Kb6 48. Kc2 Ka5 49. Kb3 Bd6 0-1

[Event "Titled Tuesday intern op 10th Sep Late"]
[Site "Chess,com INT"]
[Date "2024.09.10"]
[Round "8"]
[White "Mendes, Aaron Reeve"]
[Black "Vaganian, Rafael A"]
[Result "1-0"]
[WhiteElo "2320"]
[BlackElo "2449"]
[PlyCount "51"]
[GameId "2107989760196232"]
[EventDate "2024.09.10"]
[EventType "swiss (blitz)"]
[EventRounds "11"]
[EventCountry "USA"]
[SourceTitle "EXT 2025"]
[Source "ChessBase"]
[SourceDate "2024.10.14"]
[SourceVersion "1"]
[SourceVersionDate "2024.10.14"]
[SourceQuality "1"]

1. e4 e6 2. Nf3 d5 3. Nc3 Nf6 4. e5 Nfd7 5. d4 c5 6. Ne2 cxd4 7. Nexd4 Nc6 8. Bf4 Be7 9. c3 g5 10. Nxg5 Nxd4 11. Nxf7 Kxf7 12. Qh5+ Kg8 13. Qg4+ Kf7 14. Qh5+ Kg8 15. cxd4 Nf8 16. Bd3 Qb6 17. O-O Qxd4 18. Qg4+ Kf7 19. Rad1 Qxb2 20. Qh5+ Kg8 21. Bh6 Qb4 22. f4 Bd7 23. Rf3 Be8 24. Rg3+ Ng6 25. Bxg6 hxg6 26. Rxg6+ 1-0

[Event "Titled Tuesday intern op 10th Sep Late"]
[Site "Chess,com INT"]
[Date "2024.09.10"]
[Round "10"]
[White "Jeet, Jain"]
[Black "Mendes, Aaron Reeve"]
[Result "1-0"]
[WhiteElo "2301"]
[BlackElo "2320"]
[PlyCount "67"]
[GameId "2107989760208778"]
[EventDate "2024.09.10"]
[EventType "swiss (blitz)"]
[EventRounds "11"]
[EventCountry "USA"]
[SourceTitle "EXT 2025"]
[Source "ChessBase"]
[SourceDate "2024.10.14"]
[SourceVersion "1"]
[SourceVersionDate "2024.10.14"]
[SourceQuality "1"]

1. b4 e5 2. Bb2 d6 3. c4 f5 4. e3 Nf6 5. d3 g6 6. Nf3 Bg7 7. Be2 O-O 8. Nc3 Nbd7 9. O-O c6 10. a4 b6 11. a5 Bb7 12. a6 Bc8 13. b5 c5 14. d4 cxd4 15. exd4 e4 16. Ng5 Qe7 17. d5 Nc5 18. Na4 Nfd7 19. Bxg7 Kxg7 20. Ne6+ Nxe6 21. dxe6 Ne5 22. Qd4 Bxe6 23. Rfd1 Rfd8 24. Rac1 Rac8 25. Nxb6 axb6 26. Qxb6 Bxc4 27. Bxc4 Nxc4 28. Qd4+ Ne5 29. b6 Kf8 30. Rxc8 Rxc8 31. b7 Rb8 32. a7 Rxb7 33. a8=Q+ Kf7 34. Qd5+ 1-0

[Event "Titled Tuesday intern op 10th Sep Late"]
[Site "Chess,com INT"]
[Date "2024.09.10"]
[Round "11"]
[White "Mendes, Aaron Reeve"]
[Black "Bambino Filho, Antonio Carlos"]
[Result "0-1"]
[WhiteElo "2320"]
[BlackElo "2168"]
[PlyCount "82"]
[GameId "2107989760208924"]
[EventDate "2024.09.10"]
[EventType "swiss (blitz)"]
[EventRounds "11"]
[EventCountry "USA"]
[SourceTitle "EXT 2025"]
[Source "ChessBase"]
[SourceDate "2024.10.14"]
[SourceVersion "1"]
[SourceVersionDate "2024.10.14"]
[SourceQuality "1"]

1. e4 c5 2. Nf3 d6 3. Bb5+ Nc6 4. O-O Bd7 5. Re1 Nf6 6. c3 a6 7. Bf1 Bg4 8. d3 g6 9. Nbd2 Bg7 10. h3 Bxf3 11. Nxf3 Nd7 12. d4 O-O 13. b3 b5 14. Bb2 cxd4 15. cxd4 Rc8 16. Qd2 Qb6 17. Rec1 Na7 18. h4 Qb7 19. Bd3 Rxc1+ 20. Rxc1 Rc8 21. Rxc8+ Nxc8 22. h5 Ncb6 23. Kh2 Qc7 24. g3 Nf6 25. hxg6 hxg6 26. Ng5 Bh6 27. Ne6 fxe6 28. Qe2 e5 29. dxe5 dxe5 30. f4 Nbd7 31. a4 exf4 32. e5 Nxe5 33. Bxe5 Qxe5 34. Qc2 fxg3+ 35. Kh3 bxa4 36. bxa4 Nd5 37. Qc8+ Kg7 38. Bc4 Nf4+ 39. Kxg3 Qe3+ 40. Kh4 g5+ 41. Kg4 Qh3# 0-1

[Event "Titled Tuesday intern op 17th Sep Late"]
[Site "Chess,com INT"]
[Date "2024.09.17"]
[Round "3"]
[White "Mendes, Aaron Reeve"]
[Black "Medina Paz, Miguel"]
[Result "1-0"]
[WhiteElo "2320"]
[BlackElo "2368"]
[PlyCount "49"]
[GameId "2107989760746204"]
[EventDate "2024.09.17"]
[EventType "swiss (blitz)"]
[EventRounds "11"]
[EventCountry "USA"]
[SourceTitle "EXT 2025"]
[Source "ChessBase"]
[SourceDate "2024.10.14"]
[SourceVersion "1"]
[SourceVersionDate "2024.10.14"]
[SourceQuality "1"]

1. e4 c5 2. Nf3 Nc6 3. Bb5 g6 4. Bxc6 dxc6 5. O-O Bg7 6. d3 e5 7. h3 Ne7 8. Be3 b6 9. Qd2 O-O 10. Bh6 Be6 11. Bxg7 Kxg7 12. Nxe5 f5 13. Qc3 Kg8 14. Nd2 fxe4 15. Nxe4 Qd4 16. Qxd4 cxd4 17. c4 c5 18. Rae1 h6 19. g4 Kg7 20. f4 h5 21. Ng3 hxg4 22. hxg4 Rf6 23. f5 gxf5 24. Nh5+ Kh6 25. Nxf6 1-0

[Event "Titled Tuesday intern op 17th Sep Late"]
[Site "Chess,com INT"]
[Date "2024.09.17"]
[Round "4"]
[White "Mendes, Aaron Reeve"]
[Black "Pribelszky, Bence Daniel"]
[Result "1-0"]
[WhiteElo "2320"]
[BlackElo "2408"]
[PlyCount "99"]
[GameId "2107989760754604"]
[EventDate "2024.09.17"]
[EventType "swiss (blitz)"]
[EventRounds "11"]
[EventCountry "USA"]
[SourceTitle "EXT 2025"]
[Source "ChessBase"]
[SourceDate "2024.10.14"]
[SourceVersion "1"]
[SourceVersionDate "2024.10.14"]
[SourceQuality "1"]

1. e4 b6 2. d4 Bb7 3. Nc3 e6 4. f4 Bb4 5. Bd3 Nf6 6. Qe2 d5 7. e5 Ne4 8. Bxe4 dxe4 9. Be3 O-O 10. O-O-O Bxc3 11. bxc3 Ba6 12. Qf2 Qd5 13. Ne2 Qxa2 14. Kd2 Qc4 15. Ra1 Nc6 16. Ng3 Na5 17. f5 exf5 18. Nxf5 Qe6 19. Kc1 f6 20. d5 Qxe5 21. Bd4 Qe8 22. Qg3 Qd7 23. Ne3 f5 24. Qf4 Rf7 25. h4 Raf8 26. h5 h6 27. Rh3 Qd6 28. Be5 Qc5 29. Rg3 Kh7 30. Rg6 Nc4 31. Nxc4 Qxc4 32. Bxg7 Qf1+ 33. Qxf1 Bxf1 34. Bxf8 Rxf8 35. Kd2 Bc4 36. Rxa7 Rf7 37. d6 cxd6 38. Rxf7+ Bxf7 39. Rxd6 Bxh5 40. Rxb6 f4 41. c4 e3+ 42. Ke1 Bg6 43. c5 Be4 44. Rf6 Bxg2 45. Rxf4 h5 46. Ke2 Kg6 47. Kxe3 Kg5 48. Rf8 h4 49. Rg8+ Kf6 50. Rxg2 1-0

[Event "Titled Tuesday intern op 17th Sep Late"]
[Site "Chess,com INT"]
[Date "2024.09.17"]
[Round "10"]
[White "Mendes, Aaron Reeve"]
[Black "Kamsky, Gata"]
[Result "0-1"]
[WhiteElo "2320"]
[BlackElo "2609"]
[PlyCount "140"]
[GameId "2107989760800654"]
[EventDate "2024.09.17"]
[EventType "swiss (blitz)"]
[EventRounds "11"]
[EventCountry "USA"]
[SourceTitle "EXT 2025"]
[Source "ChessBase"]
[SourceDate "2024.10.14"]
[SourceVersion "1"]
[SourceVersionDate "2024.10.14"]
[SourceQuality "1"]

1. e4 b6 2. d4 Bb7 3. Nc3 e6 4. a3 g6 5. Be3 Bg7 6. Qd2 d6 7. O-O-O a6 8. h4 h6 9. g4 Nf6 10. f3 Nbd7 11. Bg2 Qe7 12. Nge2 O-O-O 13. Ng3 Kb8 14. Kb1 b5 15. Bf1 Nb6 16. b3 Nfd7 17. Be2 c5 18. f4 cxd4 19. Bxd4 Bxd4 20. Qxd4 e5 21. Qf2 exf4 22. Qxf4 Qe5 23. Qxe5 Nxe5 24. Rhf1 Bc8 25. Rf6 Be6 26. Nd5 Nbd7 27. Rff1 Kb7 28. Ne3 Nc5 29. Kb2 Kc7 30. h5 Kd7 31. Nd5 Bxd5 32. Rxd5 Ke7 33. Rfd1 Rd7 34. b4 Na4+ 35. Kb3 Rc8 36. c4 Nxc4 37. Bxc4 Rxc4 38. R1d3 Rdc7 39. Ne2 Rxe4 40. Nd4 Nb6 41. Rxd6 Kxd6 42. Nxb5+ Kc6 43. Nxc7 Kxc7 44. Rf3 Rxg4 45. Rxf7+ Nd7 46. Rh7 gxh5 47. Rxh6 h4 48. Rxa6 Nb6 49. a4 Rg3+ 50. Kc2 Kb7 51. b5 h3 52. a5 Nc4 53. Rh6 Nxa5 54. Kd2 Nc4+ 55. Ke2 Ne5 56. Kf2 Rb3 57. Kg1 Ng4 58. Rh7+ Kb6 59. Kf1 Rb1+ 60. Ke2 h2 61. Kf3 h1=Q+ 62. Rxh1 Rxh1 63. Kxg4 Kxb5 64. Kf5 Kc5 65. Kg6 Rf1 66. Kh7 Rg1 67. Kh8 Kd5 68. Kh7 Ke5 69. Kh6 Kf5 70. Kh5 Rh1# 0-1

[Event "Titled Tuesday intern op 17th Sep Late"]
[Site "Chess,com INT"]
[Date "2024.09.17"]
[Round "11"]
[White "Gurevich, Dmitry"]
[Black "Mendes, Aaron Reeve"]
[Result "0-1"]
[WhiteElo "2352"]
[BlackElo "2320"]
[PlyCount "108"]
[GameId "2107989760804851"]
[EventDate "2024.09.17"]
[EventType "swiss (blitz)"]
[EventRounds "11"]
[EventCountry "USA"]
[SourceTitle "EXT 2025"]
[Source "ChessBase"]
[SourceDate "2024.10.14"]
[SourceVersion "1"]
[SourceVersionDate "2024.10.14"]
[SourceQuality "1"]

1. d4 d5 2. c4 c6 3. e3 Nf6 4. Nc3 Nbd7 5. cxd5 cxd5 6. Nf3 a6 7. a4 e6 8. Bd3 Bd6 9. O-O O-O 10. Qc2 e5 11. dxe5 Nxe5 12. Nxe5 Bxe5 13. h3 Be6 14. Rd1 Rc8 15. Bf5 Qc7 16. Bd2 g6 17. Bxe6 fxe6 18. Be1 Qf7 19. Qd3 Bxc3 20. bxc3 Ne4 21. f3 Nc5 22. Qe2 Nd7 23. Rdb1 Rc7 24. e4 Rfc8 25. exd5 exd5 26. Bf2 Nf8 27. Bd4 Ne6 28. Be5 Re7 29. Qd2 Qf5 30. Re1 Nc5 31. Qxd5+ Qe6 32. Qxe6+ Rxe6 33. Bd4 Kf7 34. Rxe6 Nxe6 35. Rb1 Rc7 36. Be5 Rd7 37. Rb6 Nc5 38. a5 Ne6 39. f4 Nd8 40. c4 Nc6 41. Bc3 Ke6 42. Kf2 Kf5 43. Ke3 h5 44. Be5 g5 45. g4+ hxg4 46. hxg4+ Kxg4 47. Rb1 gxf4+ 48. Ke4 Re7 49. Rg1+ Kh3 50. Kxf4 Nxe5 51. c5 Nd3+ 52. Kf3 Rf7+ 53. Ke4 Nxc5+ 54. Kd5 Nb3 0-1

[Event "Titled Tuesday intern op 24th Sep Late"]
[Site "Chess.com INT"]
[Date "2024.09.24"]
[Round "1"]
[White "Perestjuk, Marko"]
[Black "Mendes, Aaron Reeve"]
[Result "0-1"]
[WhiteElo "2166"]
[BlackElo "2320"]
[PlyCount "82"]
[GameId "2107989761022030"]
[EventDate "2024.09.24"]
[EventType "swiss (blitz)"]
[EventRounds "11"]
[EventCountry "USA"]
[SourceTitle "EXT 2025"]
[Source "ChessBase"]
[SourceDate "2024.10.14"]
[SourceVersion "1"]
[SourceVersionDate "2024.10.14"]
[SourceQuality "1"]

1. d4 d5 2. g3 Nf6 3. Bg2 g6 4. Nf3 Bg7 5. h4 O-O 6. h5 Nxh5 7. Nc3 Nf6 8. Bh6 Bxh6 9. Rxh6 Kg7 10. Qd2 Rh8 11. O-O-O Ng4 12. Rh4 h5 13. e4 c6 14. Ng5 dxe4 15. Ncxe4 Bf5 16. f3 Nf6 17. g4 hxg4 18. Rxh8 Qxh8 19. Rh1 Nh5 20. fxg4 Bxg4 21. Qf2 f6 22. Bf3 Bxf3 23. Nxf3 Qh6+ 24. Kb1 Nd7 25. Nh4 Qf4 26. Qg2 g5 27. Nf3 Qxe4 28. Rxh5 Rh8 29. Rxh8 Kxh8 30. Qh3+ Kg7 31. Qxd7 g4 32. a4 gxf3 33. Qh3 Qe1+ 34. Ka2 f2 35. Qg4+ Kf7 36. Qh5+ Ke6 37. Qg4+ Kd6 38. Qf4+ Kd7 39. Qf5+ Qe6+ 40. Qxe6+ Kxe6 41. b3 f1=Q 0-1

[Event "Titled Tuesday intern op 24th Sep Late"]
[Site "Chess.com INT"]
[Date "2024.09.24"]
[Round "2"]
[White "Carlsen, Magnus"]
[Black "Mendes, Aaron Reeve"]
[Result "1-0"]
[WhiteElo "2832"]
[BlackElo "2320"]
[PlyCount "83"]
[GameId "2107989761026226"]
[EventDate "2024.09.24"]
[EventType "swiss (blitz)"]
[EventRounds "11"]
[EventCountry "USA"]
[SourceTitle "EXT 2025"]
[Source "ChessBase"]
[SourceDate "2024.10.14"]
[SourceVersion "1"]
[SourceVersionDate "2024.10.14"]
[SourceQuality "1"]

1. Nf3 d5 2. g3 Nd7 3. c4 c6 4. Bg2 Ngf6 5. O-O g6 6. b3 Bg7 7. Bb2 O-O 8. Nc3 a6 9. d4 Re8 10. Qc2 b6 11. e4 dxe4 12. Nxe4 Nxe4 13. Qxe4 Bb7 14. Ne5 Bxe5 15. dxe5 Nc5 16. Qe3 Qd3 17. Bd4 Qxe3 18. Bxe3 a5 19. Rfd1 Red8 20. f4 f6 21. e6 Kf8 22. f5 gxf5 23. Bh3 Rd6 24. Bxf5 Bc8 25. Bxc5 bxc5 26. Rxd6 exd6 27. Re1 Ke7 28. Bxh7 d5 29. Bf5 Ba6 30. Rc1 dxc4 31. bxc4 Rd8 32. h4 Rd4 33. h5 Bxc4 34. h6 Bb5 35. h7 Rd8 36. Rxc5 Re8 37. Kf2 Kd6 38. Rc1 c5 39. Rd1+ Ke7 40. Rd5 Bc4 41. Rd7+ Kf8 42. Rf7# 1-0

[Event "Titled Tuesday intern op 24th Sep Late"]
[Site "Chess.com INT"]
[Date "2024.09.24"]
[Round "3"]
[White "Mendes, Aaron Reeve"]
[Black "Ferreira, Vitor Hugo Vieira"]
[Result "0-1"]
[WhiteElo "2320"]
[BlackElo "2128"]
[PlyCount "72"]
[GameId "2107989761038850"]
[EventDate "2024.09.24"]
[EventType "swiss (blitz)"]
[EventRounds "11"]
[EventCountry "USA"]
[SourceTitle "EXT 2025"]
[Source "ChessBase"]
[SourceDate "2024.10.14"]
[SourceVersion "1"]
[SourceVersionDate "2024.10.14"]
[SourceQuality "1"]

1. e4 c5 2. Nf3 d6 3. d4 cxd4 4. Nxd4 Nf6 5. Nc3 a6 6. h3 e5 7. Nb3 Be6 8. Bg5 Nbd7 9. Qd2 Be7 10. O-O-O O-O 11. f3 b5 12. h4 b4 13. Nd5 Bxd5 14. exd5 a5 15. Kb1 a4 16. Nc1 Qa5 17. h5 h6 18. Bh4 Nb6 19. g4 Rfe8 20. g5 hxg5 21. Bxg5 a3 22. b3 Nfxd5 23. h6 g6 24. Bxe7 Rxe7 25. Qg5 Kh7 26. Bd3 Raa7 27. Ne2 e4 28. Qh4 exd3 29. Rxd3 Rxe2 30. Qd4 f6 31. Qg4 Qc5 32. c4 Nc3+ 33. Rxc3 bxc3 34. Rf1 c2+ 35. Ka1 Qe5+ 36. Qd4 Qxd4# 0-1

[Event "Titled Tuesday intern op 24th Sep Late"]
[Site "Chess.com INT"]
[Date "2024.09.24"]
[Round "6"]
[White "Hajiyev, Kanan"]
[Black "Mendes, Aaron Reeve"]
[Result "1-0"]
[WhiteElo "2109"]
[BlackElo "2320"]
[PlyCount "57"]
[GameId "2107989761063999"]
[EventDate "2024.09.24"]
[EventType "swiss (blitz)"]
[EventRounds "11"]
[EventCountry "USA"]
[SourceTitle "EXT 2025"]
[Source "ChessBase"]
[SourceDate "2024.10.14"]
[SourceVersion "1"]
[SourceVersionDate "2024.10.14"]
[SourceQuality "1"]

1. d4 d5 2. Nf3 Nf6 3. c4 c6 4. cxd5 cxd5 5. Nc3 Nc6 6. Bf4 a6 7. e3 e6 8. Bd3 Bd6 9. Bxd6 Qxd6 10. O-O O-O 11. Rc1 e5 12. dxe5 Nxe5 13. Nxe5 Qxe5 14. Qf3 Rd8 15. Qg3 Qxg3 16. hxg3 d4 17. exd4 Rxd4 18. Rfd1 Bg4 19. Bxh7+ Kxh7 20. Rxd4 Rc8 21. f3 Be6 22. Rcd1 b5 23. g4 g5 24. a3 Kg6 25. Rd6 a5 26. Nxb5 Rb8 27. Nd4 Bd7 28. Rd2 a4 29. Nc6 1-0

[Event "Titled Tuesday intern op 24th Sep Late"]
[Site "Chess.com INT"]
[Date "2024.09.24"]
[Round "7"]
[White "Mendes, Aaron Reeve"]
[Black "Buscar, Michael"]
[Result "0-1"]
[WhiteElo "2320"]
[BlackElo "2016"]
[PlyCount "180"]
[GameId "2107989761072394"]
[EventDate "2024.09.24"]
[EventType "swiss (blitz)"]
[EventRounds "11"]
[EventCountry "USA"]
[SourceTitle "EXT 2025"]
[Source "ChessBase"]
[SourceDate "2024.10.14"]
[SourceVersion "1"]
[SourceVersionDate "2024.10.14"]
[SourceQuality "1"]

1. e4 c5 2. Nf3 Nc6 3. Bb5 Nf6 4. Nc3 g6 5. O-O Bg7 6. h3 O-O 7. Bxc6 dxc6 8. d3 Ne8 9. Be3 b6 10. Re1 e5 11. Nd2 Nc7 12. f4 Ne6 13. fxe5 Bxe5 14. Rf1 Nd4 15. Nf3 Nxf3+ 16. Qxf3 Be6 17. Rad1 Qh4 18. Qf2 Qxf2+ 19. Rxf2 Bxc3 20. bxc3 Rad8 21. a4 Kg7 22. a5 f5 23. e5 Rb8 24. Ra1 Rf7 25. Rff1 c4 26. Rfb1 b5 27. Bc5 a6 28. Kf2 Rd8 29. d4 h5 30. Rf1 f4 31. Kg1 h4 32. Rf2 g5 33. Raf1 Kg6 34. Re2 Re8 35. Rff2 Bd5 36. Re1 Re6 37. Kf1 Kh5 38. Rd1 Rf5 39. Ke1 Kg6 40. Kd2 Kh5 41. Rg1 Kg6 42. Re2 Rf7 43. Ke1 Rf5 44. Bd6 Rf7 45. Kd2 Rf5 46. Kc1 Rf7 47. Kb2 Rd7 48. Rf2 Rdxd6 49. exd6 Rxd6 50. Re1 Rf6 51. Re5 f3 52. gxf3 Rxf3 53. Rxf3 Bxf3 54. Kc1 Bg2 55. Re3 g4 56. Re6+ Kf5 57. Rh6 Kg5 58. Rh8 gxh3 59. Rg8+ Kf6 60. Rh8 h2 61. Rxh4 h1=Q+ 62. Rxh1 Bxh1 63. Kb2 Ke6 64. Ka3 Kd5 65. Kb4 Be4 66. Ka3 Bxc2 67. Kb4 Be4 68. Ka3 c5 69. dxc5 Kxc5 70. Ka2 b4 71. Kb2 b3 72. Ka3 Kb5 73. Kb2 Kxa5 74. Ka3 Kb5 75. Kb2 a5 76. Ka3 a4 77. Kb2 Kc5 78. Ka3 Kd5 79. Kb2 Bd3 80. Ka3 Ke4 81. Kb2 Bc2 82. Ka3 Kd3 83. Kb2 Kd2 84. Ka3 Kxc3 85. Kxa4 b2+ 86. Ka5 b1=Q 87. Ka6 Kd4 88. Ka7 Kc5 89. Ka8 Kc6 90. Ka7 Qb7# 0-1

[Event "Titled Tuesday intern op 24th Sep Late"]
[Site "Chess.com INT"]
[Date "2024.09.24"]
[Round "8"]
[White "Martinez, Ayelen"]
[Black "Mendes, Aaron Reeve"]
[Result "0-1"]
[WhiteElo "2120"]
[BlackElo "2320"]
[PlyCount "72"]
[GameId "2107989761080750"]
[EventDate "2024.09.24"]
[EventType "swiss (blitz)"]
[EventRounds "11"]
[EventCountry "USA"]
[SourceTitle "EXT 2025"]
[Source "ChessBase"]
[SourceDate "2024.10.14"]
[SourceVersion "1"]
[SourceVersionDate "2024.10.14"]
[SourceQuality "1"]

1. e4 c5 2. Nf3 d6 3. d4 cxd4 4. Nxd4 Nf6 5. Nc3 a6 6. Bg5 e6 7. f4 Be7 8. Qf3 Qc7 9. O-O-O Nbd7 10. g4 b5 11. Bxf6 Bxf6 12. Bxb5 O-O 13. Bxd7 Bxd7 14. g5 Be7 15. h4 a5 16. h5 Rfb8 17. g6 a4 18. h6 fxg6 19. a3 Qb7 20. Kd2 Bf6 21. e5 dxe5 22. Qxb7 Rxb7 23. fxe5 Bxe5 24. Nf3 Bf4+ 25. Ke2 gxh6 26. Nd4 e5 27. Nd5 Bg4+ 28. Kd3 Bxd1 29. Rxd1 Rd8 30. Ke4 exd4 31. Nxf4 Rxb2 32. Ne6 Re8 33. Kd5 Rxc2 34. Nxd4 Rcc8 35. Rf1 Rcd8+ 36. Kc4 Re4 0-1

[Event "Titled Tuesday intern op 24th Sep Late"]
[Site "Chess.com INT"]
[Date "2024.09.24"]
[Round "9"]
[White "Mendes, Aaron Reeve"]
[Black "Petr, Jan1"]
[Result "1-0"]
[WhiteElo "2320"]
[BlackElo "2282"]
[PlyCount "99"]
[GameId "2107989761089091"]
[EventDate "2024.09.24"]
[EventType "swiss (blitz)"]
[EventRounds "11"]
[EventCountry "USA"]
[SourceTitle "EXT 2025"]
[Source "ChessBase"]
[SourceDate "2024.10.14"]
[SourceVersion "1"]
[SourceVersionDate "2024.10.14"]
[SourceQuality "1"]

1. e4 e5 2. Nf3 Nc6 3. Bc4 Nf6 4. O-O Nxe4 5. Re1 d5 6. Bb5 Bd6 7. d3 Nf6 8. Nxe5 O-O 9. Nxc6 bxc6 10. Bxc6 Rb8 11. h3 Rb6 12. Ba4 c5 13. c3 Bc7 14. Nd2 Qd6 15. Nf1 d4 16. Bb3 Bb7 17. Bg5 Qc6 18. f3 Nd5 19. Qd2 Qg6 20. Rac1 h6 21. Be7 Nxe7 22. Rxe7 Bd8 23. Rxb7 Rxb7 24. cxd4 cxd4 25. Rc8 Qf5 26. Qc2 Qe5 27. Qc6 Rc7 28. Rxc7 Bxc7 29. Qe4 Qg5 30. Bc4 Qc1 31. b3 Qc2 32. Qc6 Rc8 33. Qd7 Rf8 34. Qxc7 Qxa2 35. Qd7 a5 36. Qxd4 Qe2 37. Qe3 Qb2 38. d4 a4 39. bxa4 Qb4 40. Qd3 Qxa4 41. d5 Qd7 42. Ne3 Rd8 43. Qd4 Re8 44. Kf2 Qd6 45. Qxg7+ Kxg7 46. Nf5+ Kf6 47. Nxd6 Rd8 48. Ne4+ Ke5 49. Ke3 f5 50. f4# 1-0

[Event "Titled Tuesday 2025.01.07 Late"]
[Site "chess.com INT"]
[Date "2025.01.07"]
[Round "1"]
[White "Mendes, Aaron Reeve"]
[Black "Pan, Kevin"]
[Result "1-0"]
[WhiteElo "2358"]
[BlackElo "2333"]
[PlyCount "129"]
[GameId "2133754867418473"]
[EventDate "2025.01.07"]
[EventType "swiss (blitz)"]
[EventRounds "11"]
[EventCountry "NET"]
[SourceTitle "The Week in Chess 1575"]
[Source "Mark Crowther"]
[SourceDate "2025.01.13"]
[SourceVersion "1"]
[SourceVersionDate "2025.01.13"]
[SourceQuality "2"]

1. e4 e5 2. Nf3 Nc6 3. d4 exd4 4. Nxd4 Bc5 5. Nb3 Bb6 6. Nc3 Nf6 7. Qe2 d6 8. Be3 Be6 9. O-O-O Qe7 10. f3 O-O-O 11. Bxb6 axb6 12. Nd4 Bd7 13. Qc4 Nxd4 14. Rxd4 Bc6 15. Bd3 Nd7 16. Qb4 Qe5 17. Kb1 Nc5 18. Bb5 Ne6 19. Rc4 Bxb5 20. Nxb5 Nc5 21. Qa3 c6 22. Nd4 b5 23. Rb4 Kd7 24. Qe3 Ra8 25. Rd1 Rhd8 26. Nf5 Kc7 27. Rbd4 d5 28. Rxd5 Rxd5 29. Rxd5 cxd5 30. Qxc5+ Kb8 31. Nd4 Qe8 32. Nxb5 Ra6 33. Nc7 Rc6 34. Nxe8 Rxc5 35. Nd6 Kc7 36. b4 Rc6 37. Nb5+ Kd7 38. exd5 Rg6 39. g3 Rh6 40. h4 Rf6 41. Nd4 Kd6 42. c4 Ke5 43. Nb5 Rxf3 44. d6 Rd3 45. Kc2 Rxd6 46. Nxd6 Kxd6 47. Kd3 f6 48. Ke4 b6 49. a4 Kc6 50. a5 bxa5 51. bxa5 Kc5 52. Kf5 Kxc4 53. a6 Kd3 54. a7 Ke3 55. a8=Q Kf2 56. g4 Kg3 57. g5 fxg5 58. hxg5 h6 59. g6 h5 60. Qb7 h4 61. Qxg7 h3 62. Qc3+ Kh2 63. g7 Kg1 64. g8=Q+ Kh1 65. Qxh3# 1-0